[Event "Mecklenburg VP-ch"]
[Site "Nakenstorf"]
[Date "2010.04.04"]
[Round "8.18"]
[White "Jaehn, Justin"]
[Black "Jeck, Horst"]
[Result "1-0"]
[WhiteElo "1567"]
[BlackElo "1451"]
[PlyCount "63"]
[EventDate "2010.04.01"]
[EventType "swiss"]
[EventRounds "9"]
[EventCountry "GER"]
[SourceTitle "EXT 2022"]
[Source "ChessBase"]
[SourceDate "2021.10.06"]
[SourceVersion "1"]
[SourceVersionDate "2021.10.06"]
[SourceQuality "1"]

1. d4 Nf6 2. c4 d5 3. e3 e6 4. Nc3 Be7 5. Nf3 c6 6. c5 Nbd7 7. b4 b5 8. Bb2 a5 9. a3 a4 10. Bd3 g6 11. Qc2 Qc7 12. Ne2 Nh5 13. Ne5 Nxe5 14. dxe5 f5 15. f4 Kf7 16. 0-0-0 Bd7 17. h4 Ng7 18. Ng1 Nh5 19. Qf2 Qa7 20. Bd4 Ng7 21. Nf3 h5 22. Qg3 Qb8 23. Rh3 Qd8 24. Rdh1 Rh7 25. Qf2 g5 26. hxg5 Qh8 27. Qg3 Kf8 28. Qh2 Be8 29. Nd2 Bg6 30. Nf1 Kf7 31. g3 Qd8 32. Be2 1-0

[Event "Mecklenburg VP-ch"]
[Site "Nakenstorf"]
[Date "2010.04.01"]
[Round "1.18"]
[White "Dittrich, Carsten"]
[Black "Jeck, Horst"]
[Result "1-0"]
[WhiteElo "1974"]
[BlackElo "1451"]
[PlyCount "81"]
[EventDate "2010.04.01"]
[EventType "swiss"]
[EventRounds "9"]
[EventCountry "GER"]
[SourceTitle "EXT 2022"]
[Source "ChessBase"]
[SourceDate "2021.10.06"]
[SourceVersion "1"]
[SourceVersionDate "2021.10.06"]
[SourceQuality "1"]

1. d4 e6 2. e4 d5 3. Nc3 dxe4 4. Nxe4 Nf6 5. Bg5 Be7 6. Bxf6 Bxf6 7. Nf3 Nd7 8. Qd2 b6 9. Bd3 Bb7 10. 0-0-0 Be7 11. h4 h6 12. Kb1 Nf6 13. Nxf6+ Bxf6 14. Qe3 Qe7 15. Be4 0-0-0 16. Bxb7+ Kxb7 17. Rd3 Rd6 18. g4 Qd8 19. Rhd1 c6 20. g5 hxg5 21. hxg5 Be7 22. Ne5 Rf8 23. f4 Qe8 24. a4 Rd5 25. Re1 f6 26. Nc4 e5 27. dxe5 Bc5 28. Rxd5 cxd5 29. Qxc5 dxc4 30. Qxc4 fxg5 31. fxg5 Qc6 32. Qxc6+ Kxc6 33. c4 Kc5 34. b3 Kd4 35. e6 Re8 36. Rd1+ Ke5 37. Rd7 Kxe6 38. Rxg7 Kf5 39. a5 Re1+ 40. Kb2 Ke4 41. Re7+ 1-0

[Event "Mecklenburg VP-ch Meister"]
[Site "Nakensdorf"]
[Date "2007.04.09"]
[Round "9.14"]
[White "Wulff, Jens Peter"]
[Black "Jeck, Horst"]
[Result "1-0"]
[WhiteElo "1914"]
[BlackElo "1414"]
[PlyCount "83"]
[EventDate "2007.04.05"]
[EventType "swiss"]
[EventRounds "9"]
[EventCountry "GER"]
[SourceTitle "EXT 2015"]
[Source "ChessBase"]
[SourceDate "2014.11.20"]
[SourceVersion "1"]
[SourceVersionDate "2014.11.20"]
[SourceQuality "1"]

1. e4 d5 2. d4 dxe4 3. f3 e3 4. Bxe3 Bf5 5. c4 e6 6. a3 c6 7. Nc3 Nf6 8. Nge2 Bd6 9. g4 Bg6 10. Ng3 Qc7 11. Nce2 h6 12. Bf2 h5 13. g5 Qa5+ 14. Qd2 Qxd2+ 15. Kxd2 Nfd7 16. c5 Bc7 17. Ne4 b6 18. Nd6+ Bxd6 19. cxd6 b5 20. Nf4 Nb6 21. Nxg6 fxg6 22. Bd3 Kd7 23. Bg3 Nc8 24. Rae1 Nxd6 25. Bxd6 Kxd6 26. Bxg6 Nd7 27. Re3 e5 28. Rhe1 Raf8 29. dxe5+ Ke6 30. b4 Rf4 31. Be4 Nb6 32. Ke2 Nc4 33. Bxc6 Nxe3 34. Kxe3 Rc4 35. Bxb5 Rc3+ 36. Ke4 Rd8 37. f4 g6 38. a4 Rd2 39. Re3 Rcc2 40. h3 Rf2 41. Bd3 Rc3 42. Kd4 1-0

[Event "Mecklenburg VP-ch Meister"]
[Site "Nakensdorf"]
[Date "2007.04.06"]
[Round "4.16"]
[White "Jeck, Horst"]
[Black "Moeller, Stefan"]
[Result "0-1"]
[WhiteElo "1414"]
[BlackElo "1722"]
[PlyCount "38"]
[EventDate "2007.04.05"]
[EventType "swiss"]
[EventRounds "9"]
[EventCountry "GER"]
[SourceTitle "EXT 2015"]
[Source "ChessBase"]
[SourceDate "2014.11.20"]
[SourceVersion "1"]
[SourceVersionDate "2014.11.20"]
[SourceQuality "1"]

1. e4 e5 2. Nf3 Nc6 3. d4 exd4 4. Nxd4 Qh4 5. Nb5 Qxe4+ 6. Be2 Bb4+ 7. Bd2 Qe5 8. 0-0 Nf6 9. Re1 0-0 10. Bd3 Qxb2 11. Bc3 Bxc3 12. N1xc3 Qb4 13. Rb1 Qa5 14. Ne4 Nxe4 15. Rxe4 a6 16. Bc4 axb5 17. Bxf7+ Kh8 18. Re8 Rxe8 19. Bxe8 Qxa2 0-1